000
00285nam a22000977a 4500
008
130410b xxu||||| |||| 00| 0 eng d
020
_c
Avalable
082
_a
003.54WEL
245
_a
Applied Coding & Information Theory for Engineers
_c
Wells, Richard B
260
_a
India
_b
Pearson Educaton
_c
2004
999
_c
23337
_d
23337